[Event "GER-ch Net Amateur Gr-A Vor3"]
[Site "Playchess.com INT"]
[Date "2020.04.16"]
[Round "2"]
[White "Frick, Christoph"]
[Black "Kilian, Markus"]
[Result "1-0"]
[WhiteElo "1935"]
[BlackElo "1994"]
[PlyCount "53"]
[EventDate "2020.04.16"]
[EventType "swiss (blitz)"]
[EventRounds "9"]
[EventCountry "GER"]
[SourceTitle "CBM 195 Extra"]
[Source "ChessBase"]
[SourceDate "2020.05.31"]
[SourceVersion "1"]
[SourceVersionDate "2020.05.31"]
[SourceQuality "1"]

1. d4 g6 2. Nc3 Bg7 3. Bf4 d6 4. e4 Nf6 5. Qd2 0-0 6. Bh6 Nc6 7. Bxg7 Kxg7 8. 0-0-0 e5 9. Nge2 a6 10. f3 b5 11. d5 Na5 12. Ng3 Nc4 13. Bxc4 bxc4 14. Qe2 c5 15. dxc6 Be6 16. Nd5 Qa5 17. Qxc4 Rfc8 18. h4 h5 19. Rd3 Qb5 20. Qxb5 axb5 21. Nb6 Rxa2 22. Nxc8 Ra1+ 23. Kd2 Rxh1 24. Nxh1 Bxc8 25. Rxd6 Be6 26. c7 Ne8 27. Rxe6 1-0

[Event "GER-ch Net Amateur Gr-A Vor2"]
[Site "Playchess.com INT"]
[Date "2020.04.15"]
[Round "2"]
[White "Kilian, Markus"]
[Black "Meschke, Andreas"]
[Result "1-0"]
[WhiteElo "1971"]
[BlackElo "1631"]
[PlyCount "53"]
[EventDate "2020.04.15"]
[EventType "swiss (blitz)"]
[EventRounds "9"]
[EventCountry "GER"]
[SourceTitle "CBM 196 Extra"]
[Source "ChessBase"]
[SourceDate "2020.07.31"]
[SourceVersion "1"]
[SourceVersionDate "2020.07.31"]
[SourceQuality "1"]

1. d4 d5 2. c4 dxc4 3. e4 Nf6 4. e5 Nd5 5. Bxc4 Nc6 6. Ne2 Nb6 7. Bd3 e6 8. 0-0 Bd7 9. Nbc3 Nb4 10. Bb1 Bc6 11. f4 Qd7 12. f5 0-0-0 13. fxe6 fxe6 14. Bg5 Be7 15. Rf7 N4d5 16. Nxd5 Nxd5 17. Nc3 Nxc3 18. bxc3 Qd5 19. Qg4 Bxg5 20. Qxg5 h6 21. Qg6 Rhe8 22. Bc2 Qc4 23. Qxg7 Qxc3 24. Rxc7+ Kb8 25. Rb1 b6 26. Rxa7 Qxc2 27. Qc7# 1-0

[Event "GER-ch Net Amateur Gr-A Vor2"]
[Site "Playchess.com INT"]
[Date "2020.04.15"]
[Round "6"]
[White "Kilian, Markus"]
[Black "Stangl, Anita"]
[Result "1-0"]
[WhiteElo "1971"]
[BlackElo "1819"]
[PlyCount "29"]
[EventDate "2020.04.15"]
[EventType "swiss (blitz)"]
[EventRounds "9"]
[EventCountry "GER"]
[SourceTitle "CBM 196 Extra"]
[Source "ChessBase"]
[SourceDate "2020.07.31"]
[SourceVersion "1"]
[SourceVersionDate "2020.07.31"]
[SourceQuality "1"]

1. d4 e6 2. c4 d5 3. Nc3 c6 4. Nf3 dxc4 5. a4 Bb4 6. e3 b5 7. Bd2 a5 8. axb5 Bxc3 9. Bxc3 cxb5 10. b3 Bb7 11. d5 b4 12. Bxg7 c3 13. Bb5+ Ke7 14. d6+ Qxd6 15. Bf8+ 1-0

[Event "Forchheim op 17th"]
[Site "Forchheim"]
[Date "2018.09.22"]
[Round "2"]
[White "Hoffmann, Hendrik"]
[Black "Kilian, Markus"]
[Result "1-0"]
[WhiteElo "2265"]
[BlackElo "2065"]
[PlyCount "77"]
[EventDate "2018.09.21"]
[EventType "swiss"]
[EventRounds "5"]
[EventCountry "GER"]
[SourceTitle "EXT 2019"]
[Source "ChessBase"]
[SourceDate "2018.10.10"]
[SourceVersion "1"]
[SourceVersionDate "2018.10.10"]
[SourceQuality "1"]

1. e4 g6 2. d4 Bg7 3. Nf3 d6 4. h3 Nf6 5. Nc3 0-0 6. Be2 c5 7. dxc5 Qa5 8. 0-0 Qxc5 9. Be3 Qa5 10. Qd2 Nc6 11. Bh6 a6 12. Bxg7 Kxg7 13. a3 b5 14. b4 Qb6 15. Nd5 Nxd5 16. exd5 Ne5 17. Nxe5 dxe5 18. c4 bxc4 19. Bxc4 Bb7 20. Rac1 Rfd8 21. Rfd1 Rac8 22. Qe2 f6 23. h4 Rd6 24. h5 Bxd5 25. h6+ Kf8 26. Bxd5 Rxc1 27. Rxc1 Rxd5 28. Rc8+ Kf7 29. Rh8 Qd4 30. Rxh7+ Kg8 31. Rxe7 Qd1+ 32. Qxd1 Rxd1+ 33. Kh2 Ra1 34. Ra7 Rxa3 35. b5 Rb3 36. bxa6 Ra3 37. Rg7+ Kh8 38. a7 f5 39. Rb7 1-0

[Event "Landesliga Nord 1718"]
[Site "Bayern"]
[Date "2017.12.10"]
[Round "4.6"]
[White "Kilian, Markus"]
[Black "Siegl, Melina"]
[Result "1/2-1/2"]
[WhiteElo "2080"]
[BlackElo "2054"]
[PlyCount "61"]
[EventDate "2017.10.22"]
[EventType "team-tourn"]
[EventRounds "9"]
[EventCountry "GER"]
[SourceTitle "EXT 2022"]
[Source "ChessBase"]
[SourceDate "2021.10.06"]
[SourceVersion "1"]
[SourceVersionDate "2021.10.06"]
[SourceQuality "1"]
[WhiteTeam "Wuerzburg"]
[BlackTeam "Nuernberg Sued SW"]
[WhiteTeamCountry "GER"]
[BlackTeamCountry "GER"]

1. d4 d6 2. e4 g6 3. c4 Bg7 4. Nc3 Nd7 5. Be3 Ngf6 6. f3 e5 7. Nge2 c6 8. d5 c5 9. Qd2 h5 10. Nc1 a6 11. a4 Rb8 12. Be2 h4 13. 0-0 Nh5 14. Nd3 f5 15. exf5 gxf5 16. Bg5 Bf6 17. Bxf6 Qxf6 18. f4 Ng3 19. Rfe1 Qh6 20. Qe3 Rg8 21. Bf3 e4 22. hxg3 hxg3 23. Nxe4 fxe4 24. Qxe4+ Kd8 25. Qe7+ Kc7 26. Re6 Qh2+ 27. Kf1 Qh1+ 28. Ke2 Qxa1 29. Qxd6+ Kd8 30. Qe7+ Kc7 31. Qd6+ 1/2-1/2

[Event "Schweinfurt op 26th"]
[Site "Schweinfurt"]
[Date "2016.05.29"]
[Round "7"]
[White "Amtmann, Florian"]
[Black "Kilian, Markus"]
[Result "1/2-1/2"]
[WhiteElo "2170"]
[BlackElo "1954"]
[PlyCount "141"]
[EventDate "2016.05.26"]
[EventType "swiss"]
[EventRounds "7"]
[EventCountry "GER"]
[SourceTitle "CBM 172 Extra"]
[Source "ChessBase"]
[SourceDate "2016.06.21"]
[SourceVersion "1"]
[SourceVersionDate "2016.06.21"]
[SourceQuality "1"]

1. e4 g6 2. d4 Bg7 3. Nc3 d6 4. Be3 a6 5. f4 b5 6. a4 b4 7. Na2 a5 8. c4 Nf6 9. e5 Ng4 10. Qf3 Nxe3 11. Qxe3 c5 12. dxc5 dxe5 13. fxe5 Qc7 14. Nf3 Bg4 15. Nc1 Nd7 16. Nd3 Rc8 17. c6 Qxc6 18. Nd4 Qb6 19. b3 0-0 20. Qe4 Be6 21. Nxe6 Qxe6 22. 0-0-0 Nc5 23. Nxc5 Rxc5 24. Rd5 Bxe5 25. Kb1 Rxd5 26. cxd5 Qd6 27. Bc4 Bg7 28. Ka2 Qf6 29. Qe2 Kh8 30. Rb1 Qd4 31. Qd3 Qf2+ 32. Qe2 Qd4 33. Qd3 Qe5 34. g3 f5 35. Qe2 Qd4 36. Qd3 Qf2+ 37. Qe2 Qd4 38. Qd3 Qf6 39. Qe2 f4 40. gxf4 Qxf4 41. Rf1 Qd4 42. Rxf8+ Bxf8 43. Qb2 Bg7 44. Qxd4 Bxd4 45. Kb1 Kg7 46. Kc2 Kf6 47. Ba6 Ke5 48. Bb7 Bg1 49. h3 Kd4 50. Bc6 g5 51. Bb7 h5 52. Bc6 Bh2 53. Bb7 Bd6 54. Ba6 g4 55. hxg4 hxg4 56. Kd2 g3 57. Ke2 Kxd5 58. Kd3 Ke5 59. Bb7 Kf4 60. Bg2 e5 61. Bh1 Bc7 62. Bc6 Kg4 63. Ke2 Bd6 64. Ke3 Bc7 65. Kd3 Kf4 66. Bh1 Bd6 67. Bc6 Kg5 68. Bb7 Kg4 69. Bg2 Kf4 70. Bh1 Kg4 71. Bg2 1/2-1/2

[Event "Schweinfurt op 26th"]
[Site "Schweinfurt"]
[Date "2016.05.26"]
[Round "1"]
[White "Kilian, Markus"]
[Black "Weineck, Ekkehard"]
[Result "1-0"]
[WhiteElo "1954"]
[BlackElo "1606"]
[PlyCount "30"]
[EventDate "2016.05.26"]
[EventType "swiss"]
[EventRounds "7"]
[EventCountry "GER"]
[SourceTitle "CBM 172 Extra"]
[Source "ChessBase"]
[SourceDate "2016.06.21"]
[SourceVersion "1"]
[SourceVersionDate "2016.06.21"]
[SourceQuality "1"]

1. d4 d5 2. c4 c6 3. Nf3 Nf6 4. Nc3 Bf5 5. cxd5 cxd5 6. Qb3 Qb6 7. Nxd5 Nxd5 8. Qxd5 e6 9. Qc4 Bb4+ 10. Nd2 Nc6 11. e3 0-0 12. Qb5 Qc7 13. Be2 a6 14. Qc4 b5 15. Qb3 Na5 1-0

[Event "Wuerttemberg-ch U16"]
[Site "Friedrichshafen"]
[Date "2005.03.29"]
[Round "2"]
[White "Kilian, Markus"]
[Black "Fischer, Patrick"]
[Result "1/2-1/2"]
[WhiteElo "1514"]
[BlackElo "1709"]
[PlyCount "44"]
[EventDate "2005.03.29"]
[EventType "swiss"]
[EventRounds "7"]
[EventCountry "GER"]
[SourceTitle "EXT 2007"]
[Source "ChessBase"]
[SourceDate "2006.11.23"]
[SourceVersion "1"]
[SourceVersionDate "2006.11.23"]
[SourceQuality "1"]

1. d4 d5 2. c4 e6 3. Nc3 Nf6 4. Bg5 Be7 5. Nf3 0-0 6. e3 Nbd7 7. Qc2 h6 8. h4 b6 9. cxd5 exd5 10. Bd3 Bb7 11. 0-0-0 Re8 12. Kb1 Ne4 13. Bf4 Bd6 14. Bxd6 Nxd6 15. g4 Ne4 16. Rh2 c5 17. g5 h5 18. Ne2 g6 19. Nf4 Rc8 20. Qe2 Nb8 21. Bc2 Qc7 22. Bb3 Rcd8 1/2-1/2